00202nam a2200073 4500008004100000245004100041246003700082260000900119240222b |||||||| |||| 00| 0 eng d aLogod-Vol. 21, no. 4 (November 1982) aWoman : Ideological perspectives c1982